|
|
|
|
| LEADER |
00000nam a2200000 a 4500 |
| 001 |
vtls008156477 |
| 003 |
SK-MaSNL |
| 005 |
20260301015736.0 |
| 008 |
240313s1734 xo a g 000 0 lat |
| 015 |
|
|
|a SNBHFA1734
|
| 020 |
|
|
|q viazané
|
| 035 |
|
|
|a urn:nbn:sk:snk-am00edht
|
| 035 |
|
|
|a urn:nbn:sk:snk-am3igsv
|
| 035 |
|
|
|a 863F498D-F10D-4CBD-B8D6-36BB2F27E11F
|
| 040 |
|
|
|a SNK
|b slo
|c SNK
|e AACR2
|
| 041 |
0 |
|
|a lat
|
| 044 |
|
|
|a xo
|c SK
|
| 072 |
|
7 |
|a 2-74
|x Náboženské právo. Cirkevné právo
|2 konspekt
|
| 080 |
|
|
|a 27-74
|2 2011
|
| 100 |
1 |
|
|a Segedy, Ján,
|d 1699-1760
|4 aut
|9 155848
|
| 245 |
1 |
|
|a Tripartitum Juris Ungarici Tyrocinium
|b Juxta Ordinem Titulorum Operis Tripartiti, Sacris Canonibus accomodatum
|n Pars Prima
|c Authore R. P. Joanne Szegedi, è Societate JESU
|
| 260 |
|
|
|a Tyrnaviae
|b Typis Academicis Societatis Jesu
|c Annô Salutis M. DCC. XXXIV. [=1734]
|
| 300 |
|
|
|a 280 strán
|c 14 cm
|
| 500 |
|
|
|a Frontispice s textom S.IVO Advocat: Pauperum, ozdobná linka, typografické ozdoby, kustody
|
| 501 |
|
|
|a Príväzok 1.: SZEGEDI, János. Tripartitum Juris Ungarici Tyrocinum ... Pars Secunda. - Tyrnaviae : Typis Academicis per Leopoldum Josephum Berger, Annô Salutis M. DCC. XXXIV. [=1734].
|5 SNK SE 321/ prív. 1
|
| 501 |
|
|
|a Príväzok 2.: SZEGEDI, János. Tripartitum Juris Ungarici Tyrocinum ... Pars Tertia. - Tyrnaviae : Typis Academicis per Leopoldum Josephum Berger, Annô Salutis M. DCC. XXXIV. [=1734].
|5 SNK SE 321/ prív. 2
|
| 504 |
|
|
|a Obsahuje register
|
| 650 |
0 |
7 |
|a kánonické právo
|2 SNKPH
|9 2222
|
| 650 |
0 |
7 |
|a uhorské právo
|2 SNKPH
|9 306032
|
| 650 |
0 |
7 |
|a zákony
|2 SNKPH
|9 1156
|
| 651 |
|
7 |
|a Uhorsko
|2 SNKPHgeo
|9 28673
|
| 710 |
2 |
|
|a Akademická tlačiareň (Trnava, Slovensko)
|4 prt
|9 232890
|
| 752 |
|
|
|a Slovensko
|d Trnava
|
| 852 |
|
|
|a snk
|p SE 321
|
| 958 |
|
|
|a ONDV
|
| 999 |
|
|
|c 561413
|d 563343
|
| 952 |
|
|
|a SNK
|b SNK
|y PREZ
|7 0
|p 17A1022436
|o snkSE 321/1-3 D1
|i snk2974/29
|3 rekatalogizácia
|0 0
|1 0
|4 0
|d 2005-05-26
|l 0
|r 2026-02-23 13:42:31
|w 2026-02-23
|
| 952 |
|
|
|a SNK
|b SNK
|y PREZ
|7 0
|p 17A0731589
|o snkSE 321
|i snkK 909/69
|8 3
|0 0
|1 0
|4 0
|d 2011-11-08
|f 1
|l 0
|r 2026-02-23 13:42:31
|w 2026-02-23
|